Pragmatika (literárnej) mystifikácie

Saved in:
Bibliographic Details
Main Author Boszorád, Martin (Author)
Format Book
LanguageSlovak
Published Nitra : Univerzita Konštantína Filozofa v Nitre, 2021
SeriesPopkultúrne spisy (Univerzita Konštantína Filozofa)
Subjects
ISBN978-80-558-1731-6
Physical Description179 stran ; 21 cm

Cover

LEADER 00000aam a2200000 i 4500
001 115480
003 CZ ZlUTB
005 20260410094245.0
007 ta
008 220429s2021 xo e 000 0 slo d
020 |a 978-80-558-1731-6  |q (brožováno) 
040 |a SNK  |b cze  |c SNK  |d CBD007  |d HKA001  |d ZLD002  |e rda 
072 7 |a 82.0  |x Literatura (teorie)  |2 Konspekt  |9 11 
080 |a 82.0  |2 MRF 
080 |a 001.9-021.191  |2 MRF 
080 |a 316.7:7.011.26  |2 MRF 
080 |a (048.8)  |2 MRF 
100 1 |a Boszorád, Martin  |7 av20211115816  |4 aut 
245 1 0 |a Pragmatika (literárnej) mystifikácie /  |c Martin Boszorád 
264 1 |a Nitra :  |b Univerzita Konštantína Filozofa v Nitre,  |c 2021 
300 |a 179 stran ;  |c 21 cm 
336 |a text  |b txt  |2 rdacontent 
337 |a bez média  |b n  |2 rdamedia 
338 |a svazek  |b nc  |2 rdacarrier 
490 1 |a Popkultúrne spisy ;  |v 2 
500 |a Nad názvem: Univerzita Konštantína Filozofa v Nitre, Filozofická fakulta, Ústav literárnej a umeleckej komunikácie 
504 |a Obsahuje bibliografii a bibliografické odkazy 
650 0 7 |a literární teorie  |7 ph116427  |2 czenas 
650 0 7 |a mystifikace  |7 ph123077  |2 czenas 
650 0 7 |a masová kultura  |7 ph122659  |2 czenas 
650 0 9 |a literary theory  |2 eczenas 
650 0 9 |a mystification  |2 eczenas 
650 0 9 |a popular culture  |2 eczenas 
655 7 |a monografie  |7 fd132842  |2 czenas 
655 9 |a monographs  |2 eczenas 
710 2 |a Univerzita Konštantína Filozofa.  |b Ústav literárnej a umeleckej komunikácie  |7 mzk2003200723  |4 isb 
830 0 |a Popkultúrne spisy (Univerzita Konštantína Filozofa) 
910 |a ZLD002 
942 |2 udc 
952 |0 0  |1 0  |4 0  |5 0  |6 82088BOSZORÁDM  |7 0  |8 BOOK  |9 190738  |a UTBZL  |b UTBZL  |c 006  |d 2026-04-10  |l 0  |o 820/88/BOSZORÁD,M.  |p 420010201958  |r 2026-04-10 09:43:32  |v 239.00  |w 2026-04-10  |x N: dar  |y 04 
992 |a BK  |b SKNEW 
999 |c 115480  |d 115480